| 000 | 00635nam a22001937a 4500 | ||
|---|---|---|---|
| 005 | 20240530110930.0 | ||
| 008 | 220214s1996 ua g 000 p ara d | ||
| 017 |
_bمصر. دار الكتب _a96/3534 |
||
| 040 |
_aEG-CaGPL _cEG-CaGPL |
||
| 082 | 0 | 4 |
_221 _a811.094/ _bم ل |
| 100 | 0 | _aمحمد الحمامصى | |
| 245 | 1 | 0 |
_aلا احد يدخل معهم : _bشعر / _cمحمد الحمامصى |
| 250 | _aط. 1 | ||
| 260 |
_aالقاهرة : _bالامل للطبع والنشر والتوزيع، _c1996 |
||
| 300 |
_a75 ص. ؛ _c20 سم |
||
| 650 | 0 | 7 |
_2qrmak _aالشعر العربى |
| 651 | _2qrmak | ||
| 942 |
_2ddc _cBK |
||
| 999 |
_c66631 _d66631 |
||